书目信息 |
| 题名: |
运营管理
|
|
| 作者: | 刘丽文 著 | |
| 分册: | ||
| 出版信息: | 北京 中国经济出版社 2002.03 |
|
| 页数: | 340页 | |
| 开本: | 20cm | |
| 丛书名: | ||
| 单 册: | ||
| 中图分类: | F270 | |
| 科图分类: | ||
| 主题词: | 企业经济 | |
| 电子资源: | ||
| ISBN: | 978-7-5017-5537-0 | |
| 000 | 00523nam0 2200193 450 | |
| 001 | 2052152757 | |
| 005 | 20200514143051.08 | |
| 010 | @a978-7-5017-5537-0@dCNY16.00 | |
| 100 | @a20200514d2002 km y0chiy0120 ea | |
| 101 | 0 | @achi |
| 102 | @aCN@b110000 | |
| 200 | 1 | @a运营管理@Ayun ying guan li@f刘丽文著@Fliu li wen zhu |
| 210 | @a北京@c中国经济出版社@d2002.03 | |
| 215 | @a340页@d20cm | |
| 606 | 0 | @a企业经济 |
| 690 | @aF270@v4 | |
| 701 | 0 | @a刘丽文@Aliu li wen@4著 |
| 801 | 0 | @aCN@bMUSE@c20200514 |
| 905 | @aMUSE@dF270@eL6471 | |
| 运营管理/刘丽文著.-北京:中国经济出版社,2002.03 |
| 340页;20cm |
| ISBN 978-7-5017-5537-0:CNY16.00 |
| ● |
| 相关链接 |
|
|
|
正题名:运营管理
索取号:F270/L6471
 
预约/预借
| 序号 | 登录号 | 条形码 | 馆藏地/架位号 | 状态 | 备注 |
| 1 | 1303543 | 213035437 | 社科库409/409社科库 84排1列1层/ [索取号:F270/L6471] | 在馆 |